Eat your vegetables! Drink your milk! / (Record no. 6931)

MARC details
000 -LEADER
fixed length control field 01111cam a22003254a 4500
001 - CONTROL NUMBER
control field 6931
003 - CONTROL NUMBER IDENTIFIER
control field FISKH
005 - DATE AND TIME OF LATEST TRANSACTION
control field 20250610141437.0
008 - FIXED-LENGTH DATA ELEMENTS--GENERAL INFORMATION
fixed length control field 990929s2000 nyua j b 001 0 eng
010 ## - LIBRARY OF CONGRESS CONTROL NUMBER
LC control number 99049740
020 ## - INTERNATIONAL STANDARD BOOK NUMBER
International Standard Book Number 0531116352
020 ## - INTERNATIONAL STANDARD BOOK NUMBER
International Standard Book Number 9780531165072
040 ## - CATALOGING SOURCE
Original cataloging agency DLC
Transcribing agency DLC
Modifying agency DLC
Language of cataloging eng
050 ## - LIBRARY OF CONGRESS CALL NUMBER
Classification number QP141.S5326
082 ## - DEWEY DECIMAL CLASSIFICATION NUMBER
Classification number 613.2
100 1# - MAIN ENTRY--PERSONAL NAME
Personal name Silverstein, Alvin.
245 10 - TITLE STATEMENT
Title Eat your vegetables! Drink your milk! /
Statement of responsibility, etc. Alvin Silverstein, Virginia Silverstein, and Laura Silverstein Nunn.
260 ## - PUBLICATION, DISTRIBUTION, ETC.
Place of publication, distribution, etc. New York :
Name of publisher, distributor, etc. Franklin Watts,
Date of publication, distribution, etc. 2000.
300 ## - PHYSICAL DESCRIPTION
Extent 48 pages :
Other physical details color illustrations ;
Dimensions 24 cm
440 #0 - SERIES STATEMENT/ADDED ENTRY--TITLE
Title My health
504 ## - BIBLIOGRAPHY, ETC. NOTE
Bibliography, etc. note Includes bibliographical references and index.
520 ## - SUMMARY, ETC.
Summary, etc. Describes the components of a healthful diet and explains why eating these foods is important for maintaining overall good health.
650 #0 - SUBJECT ADDED ENTRY--TOPICAL TERM
Topical term or geographic name entry element Nutrition
Form subdivision Juvenile literature.
650 #1 - SUBJECT ADDED ENTRY--TOPICAL TERM
Topical term or geographic name entry element Nutrition.
700 1# - ADDED ENTRY--PERSONAL NAME
Personal name Silverstein, Virginia B.
700 1# - ADDED ENTRY--PERSONAL NAME
Personal name Nunn, Laura Silverstein.
906 ## - LOCAL DATA ELEMENT F, LDF (RLIN)
a 7
b cbc
c orignew
d 1
e ocip
f 19
g y-gencatlg
942 ## - ADDED ENTRY ELEMENTS (KOHA)
Source of classification or shelving scheme Dewey Decimal Classification
Koha item type Books
Suppress in OPAC No
Holdings
Withdrawn status Lost status Source of classification or shelving scheme Damaged status Not for loan Collection Home library Current library Shelving location Date acquired Total Checkouts Full call number Barcode Date last seen Copy number Price effective from Koha item type
    Dewey Decimal Classification     Non-Fiction Footprints International School Library Network Toul Kork Campus Footprints International School Library Network Toul Kork Campus A TK Campus, 4th Floor, Room B401, Non-Fiction Bookcases(7-8) 06/10/2025   SIL 613.2 QP141.S5326 FISTK04332 06/10/2025 1 06/10/2025 Books